000 01717nam a2200349 c 4500
003 BLK
005 20180420230312.0
008 180409b bul|||||r ||||||| ||bul||
010 _aKNG00109738000
020 _a954-9797-10-4
_bиздат.: Бан Мар - на том(ч. 2)
040 _aBLK
041 _aBUL
_cBUL
080 _aБългарска литература в основното училище. Методика на обучението
_b373.3.016:821.163.2
_x(075.2)
_z373.3.016:821.163.2(075.2)
080 _aЛитературна дейност. Редактиране. Култура на речта. Стилистика. Литературна техника
_b808
_x(075.2)
_z808(075.2)
100 1 _aДимова, Стамена Вергилова
_eпърви автор
_9243228
139 _aДимова, Стамена Вергилова
_bД 60
245 1 0 _aСамоучител за съчинение разсъждение VІІ клас
_bЧ. 1 -
_cСтамена Вергилова Димова.
_nЧ. 2
257 _aBGR
260 София
_c2003
_fСофия : Симолини-94
300 _c20 см
380 _a3
650 4 _aБългарска литература - методика на преподаването - за основни училища
_9257239
653 _aбългарска литература
653 _aVІІ кл.
653 _aучебни помагала
760 1 _3- на том(ч. 2)
_aДимова, Стамена Вергилова
_dБан Мар, 2003
_h80 с.
_tЧ. 2
852 _aЦб 217215
856 4 _qpdf
_u
856 4 _qpdf
_u
942 _cKNG
_n0
944 _aCR
_c17.12.2003
_kЦветанка_Енчева
944 _aED
_c06.01.2004
_k
999 _c104630
_d104630